Online katalóg knižníc regiónu Turca

Bájky z rozprávkového lesa (Record no. 21679)

MARC details
000 -LEADER
fixed length control field 01310nam a2200397 a 4500
001 - CONTROL NUMBER
control field 21679
003 - CONTROL NUMBER IDENTIFIER
control field VRT
005 - DATE AND TIME OF LATEST TRANSACTION
control field 20260309090913.0
008 - FIXED-LENGTH DATA ELEMENTS--GENERAL INFORMATION
fixed length control field 240801s2004 xo a j 100 f slo
015 ## - NATIONAL BIBLIOGRAPHY NUMBER
National bibliography number SNBA2005/06-02284
020 ## - INTERNATIONAL STANDARD BOOK NUMBER
International Standard Book Number 8096900722
Qualifying information (viaz.)
035 ## - SYSTEM CONTROL NUMBER
System control number SNK000441730
035 ## - SYSTEM CONTROL NUMBER
System control number urn:nbn:sk:snk-amlus2
035 ## - SYSTEM CONTROL NUMBER
System control number urn:nbn:sk:snk-am00cdmn
035 ## - SYSTEM CONTROL NUMBER
System control number B5578657-44CD-408C-AC11-72827D69BE67
039 #9 - LEVEL OF BIBLIOGRAPHIC CONTROL AND CODING DETAIL [OBSOLETE]
Level of rules in bibliographic description 202408011116
Level of effort used to assign nonsubject heading access points VLOAD
Level of effort used to assign subject headings 202402262149
Level of effort used to assign classification VLOAD
Level of effort used to assign subject headings 201712011326
Level of effort used to assign classification VLOAD
Level of effort used to assign subject headings 201711231021
Level of effort used to assign classification VLOAD
040 ## - CATALOGING SOURCE
Original cataloging agency SNK
Language of cataloging slo
Transcribing agency SNK
041 1# - LANGUAGE CODE
Language code of text/sound track or separate title slo
Language code of original hun
044 ## - COUNTRY OF PUBLISHING/PRODUCING ENTITY CODE
MARC country code xo
ISO country code SK
072 #7 - SUBJECT CATEGORY CODE
Subject category code 821-93
Subject category code subdivision Literatúra pre deti a mládež
Source konspekt
080 ## - UNIVERSAL DECIMAL CLASSIFICATION NUMBER
Universal Decimal Classification number (0:82-342)
Edition identifier MDT-MRF
080 ## - UNIVERSAL DECIMAL CLASSIFICATION NUMBER
Universal Decimal Classification number 821-93
Edition identifier MDT-MRF
130 0# - MAIN ENTRY--UNIFORM TITLE
Uniform title Kerekerdő meséi
Language of a work Slovensky
245 00 - TITLE STATEMENT
Title Bájky z rozprávkového lesa
250 ## - EDITION STATEMENT
Edition statement [1. vyd.]
260 ## - PUBLICATION, DISTRIBUTION, ETC.
Place of publication, distribution, etc. Prešov
Name of publisher, distributor, etc. Luna corporation
Date of publication, distribution, etc. [2004]
300 ## - PHYSICAL DESCRIPTION
Extent 96 s.
Other physical details fareb. ilustr.
Dimensions 29 cm
655 #7 - INDEX TERM--GENRE/FORM
Genre/form data or focus term umelecká literatúra
Source of term SNKPH
655 #7 - INDEX TERM--GENRE/FORM
Genre/form data or focus term bájky
Source of term SNKPH
655 #7 - INDEX TERM--GENRE/FORM
Genre/form data or focus term publikácie pre deti
Source of term SNKPH
942 ## - ADDED ENTRY ELEMENTS (KOHA)
Source of classification or shelving scheme Dewey Decimal Classification
Koha item type Krásna literatúra pre deti
Suppress in OPAC No
949 ## - LOCAL PROCESSING INFORMATION (OCLC)
6 17A1493443
a snkSB 69649 D1
b snk2023/1168
o 310/22 - em
949 ## - LOCAL PROCESSING INFORMATION (OCLC)
6 17A0453312
a snkSB 69649
b snkKSP 15247/2004
s 6100:20160606
Holdings
Stav vyradenia Strata Poškodenie Spôsob nadobudnutia Domovská knižnica Aktuálna knižnica Dátum nadobudnutia Total checkouts Čiarový kód exemplára Date last seen Typ exemplára
      Dar Obecná knižnica Turčianska Štiavnička Obecná knižnica Turčianska Štiavnička 09.03.2026   4738000264 09.03.2026 Krásna literatúra pre deti
Projekt je podporený Slovenskou asociáciou knižníc
Prevádzkuje Turčianska knižnica Martin 2026